000 00672nam a2200241 i 4500
003 DO-SdBNP
005 20240322101416.0
007 ta
008 240322b2023 dr ||||| |||| 00| 0 spa d
020 _a9789945222753
040 _aDO-SdBNP
_bspa
_cBNPHU
_erda
082 4 _222
100 _aTejera, Eloy Alberto,
_964665
_eautor
245 1 0 _aQuerida escritura /
_cEloy Alberto Tejera
264 _aSanto Domingo :
_bBúho,
_c2023.
300 _a126 páginas ;
_c21 cm.
336 _2rdacontent
_atexto
_btxt
337 _2rdamedia
_asin mediación
_bn
338 _2rdacarrier
_avolumen
_bnc
590 _aInventariado, 2024/BT
910 _aBtavárez
942 _2ddc
_cLBS1
999 _c56181
_d56181